[Event "SVK-Cup13 G2 corr"]
[Site "Slovakia"]
[Date "2002.??.??"]
[Round "?"]
[White "Grega, Jaroslav"]
[Black "Mokosak, Dusan"]
[Result "1-0"]
[WhiteElo "1881"]
[BlackElo "1979"]
[PlyCount "43"]
[EventDate "2002.??.??"]
[EventType "tourn (corr)"]
[EventRounds "12"]
[EventCountry "SVK"]
[SourceTitle "Corr 2004"]
[Source "ChessBase"]
[SourceDate "2003.04.28"]
[SourceVersion "3"]
[SourceVersionDate "2003.04.28"]
[SourceQuality "1"]

1. d4 e6 2. c4 Nf6 3. Nf3 Nc6 4. Nc3 Bb4 5. Bg5 d5 6. e3 0-0 7. Bd3 h6 8. Bh4 a6 9. 0-0 g5 10. Bg3 Bd6 11. Ne5 Bxe5 12. dxe5 dxc4 13. Bxc4 Nd7 14. f4 b5 15. Bb3 b4 16. Ne4 Ne7 17. fxg5 Bb7 18. Bc2 Nf5 19. Qxd7 Bxe4 20. Qxd8 Raxd8 21. Bxe4 Nxe3 22. Rfe1 1-0